000
00214nam a22000857a 4500
008
170601b xxu||||| |||| 00| 0 eng d
100
_9
3185
_a
Varki. M
245
_a
Philately for the young
260
_a
New Delhi
_b
CBT
_c
1999
999
_c
6488
_d
6488